• 首页
  • 本馆介绍
  • 公告通知
  • 最新文献
  • 馆藏检索
  • 电子资源
  • 读者导购
  • 参考咨询
  • 我的图书馆
  • 登录
  • 详细信息显示
  • 放入我的书架
  • 预约/预借图书
  • 作者相关作品
  • 分类相关作品
  • 丛书相关作品
  • 出版社相关作品

书目信息

  • 表格格式
  • 工作单格式
  • 卡片格式
题名:
生物
    
 
作者: 河北省中学生物教材编写委员会 编
分册: 第三册  
出版信息: 石家庄   河北少年儿童出版社  1997
页数: 252页
开本: 20cm
丛书名:
单 册:
中图分类: Q5 , G634.91
科图分类:
主题词: 生物 , 教育--各级
电子资源:
ISBN: 7-5376-0701-X
000 00846nam0 2200265 45
001 0180009132
005 20070612093920.59
010    @a7-5376-0701-X@dCNY5.30
100    @a19950420d1997 em y0chiy0121 ea
101 0  @achi
102    @aCN@b130000
105    @ay z 000yy
200 10 @a生物@Asheng wu@h第三册@f河北省中学生物教材编写委员会编@Fhe bei sheng zhong xue sheng wu jiao cai bian xie wei yuan hui bian
205    @a5版修订版
210    @a石家庄@c河北少年儿童出版社@d1997
215    @a252页@d20cm
300    @a九年义务教育初中课本
606    @a生物
606 0  @a教育@x各级
690    @aQ5@v4
690    @aG634.91@v3
701  0 @a河北省中学生物教材编写委员会@Ahe bei sheng zhong xue sheng wu jiao cai bian xie wei yuan hui@4编
801  0 @aCN@b上海图书馆@c20070612
801  2 @aCN@bNLC@c20070608
905    @dG634.91@e743:3=5
    
    生物.第三册/河北省中学生物教材编写委员会编.-5版修订版.-石家庄:河北少年儿童出版社,1997
    252页;20cm
    九年义务教育初中课本
    
    ISBN 7-5376-0701-X:CNY5.30
    
●
相关链接 在E读中查询图书 在五车中查询图书 在当当中查询图书 在豆瓣中查询图书


正题名:生物     索取号:G634.91/743:3=5         预约/预借

序号 登录号 条形码 馆藏地/架位号 状态 备注
1 0630853   206308538   第一样本阅览室/ [索取号:G634.91/743:3=5] 在馆    
2 0630854   206308547   密集书库/ [索取号:G634.91/743:3=5] 在馆    
3 0630855   206308556   密集书库/ [索取号:G634.91/743:3=5] 在馆    
4 0630856   206308565   密集书库/ [索取号:G634.91/743:3=5] 在馆    
5 0630857   206308574   密集书库/ [索取号:G634.91/743:3=5] 在馆    
6 0630858   206308583   密集书库/ [索取号:G634.91/743:3=5] 在馆    
7 0630859   206308592   密集书库/ [索取号:G634.91/743:3=5] 在馆    
8 0630860   206308609   密集书库/ [索取号:G634.91/743:3=5] 在馆    
9 0630861   206308618   密集书库/ [索取号:G634.91/743:3=5] 在馆    
10 0630862   206308627   密集书库/ [索取号:G634.91/743:3=5] 在馆    
11 0630863   206308636   密集书库/ [索取号:G634.91/743:3=5] 在馆    
12 0630864   206308645   密集书库/ [索取号:G634.91/743:3=5] 在馆    
13 0630865   206308654   密集书库/ [索取号:G634.91/743:3=5] 在馆    
14 0630866   206308663   密集书库/ [索取号:G634.91/743:3=5] 在馆    
15 0630867   206308672   密集书库/ [索取号:G634.91/743:3=5] 在馆    
16 0630868   206308681   密集书库/ [索取号:G634.91/743:3=5] 在馆    
唐山师范学院图书馆 欢迎您!
大连网信软件有限公司© 版权所有